Lasers And Optical Engineering (Record no. 165926)
[ view plain ]
| 000 -LEADER | |
|---|---|
| fixed length control field | 00502nam a2200193Ia 4500 |
| 008 - FIXED-LENGTH DATA ELEMENTS--GENERAL INFORMATION | |
| fixed length control field | 230612s9999 xx 000 0 und d |
| 041 ## - LANGUAGE CODE | |
| Language code of text/sound track or separate title | eng |
| 082 ## - DEWEY DECIMAL CLASSIFICATION NUMBER | |
| Classification number | 621.388 DAS |
| 100 ## - MAIN ENTRY--PERSONAL NAME | |
| Personal name | Das P. |
| 9 (RLIN) | 112906 |
| 245 ## - TITLE STATEMENT | |
| Title | Lasers And Optical Engineering |
| 250 ## - EDITION STATEMENT | |
| Edition statement | REVISE |
| 260 ## - PUBLICATION, DISTRIBUTION, ETC. (IMPRINT) | |
| Date of publication, distribution, etc. | 1991 |
| Name of publisher, distributor, etc. | Narosa Publishing House |
| 300 ## - PHYSICAL DESCRIPTION | |
| Extent | 450 |
| Dimensions | Ref 93 I (1644) |
| 365 ## - TRADE PRICE | |
| Currency code | Rs. |
| Price amount | 375.00 |
| 500 ## - GENERAL NOTE | |
| Keywords | 93 I |
| 700 ## - ADDED ENTRY--PERSONAL NAME | |
| Personal name | Das P. |
| 9 (RLIN) | 112906 |
| 906 ## - LOCAL DATA ELEMENT F, LDF (RLIN) | |
| d | B:957010-Feb-1993 |
| c | INST |
| b | 56.25 |
| Withdrawn status | Lost status | Source of classification or shelving scheme | Reference No | Damaged status | Not for loan | Collection code | Home library | Current library | Date acquired | Vendor | Budget Code | Cost, normal purchase price | Bill number | Full call number | Barcode | Date last seen | Discount | Cost, replacement price | Bill Date | Koha item type | Original Barcode |
|---|---|---|---|---|---|---|---|---|---|---|---|---|---|---|---|---|---|---|---|---|---|
| Dewey Decimal Classification | Ref 93 I (1644) | Reference | Cummins College of Engineering for Women Pune | Cummins College of Engineering for Women Pune | 11/02/1993 | Varma Book Distributors | INST | 318.75 | 9570 | 621.388 DAS | CCEP-BK-1644 | 12/06/2023 | 56.25 | 375.00 | 10/02/1993 | Books | 001644 |